Smallest Non-Island Countries - Statistics

General Stats
  • This quiz has been taken 819 times
  • The average score is 15 of 20
Answer Stats
km² Country % Correct
0.44 Vatican City
99%
160 Liechtenstein
95%
61 San Marino
95%
2 586 Luxembourg
93%
2 Monaco
92%
468 Andorra
91%
22 965 Belize
77%
11 586 Qatar
76%
10 887 Kosovo
72%
21 041 El Salvador
71%
17 818 Kuwait
70%
13 812 Montenegro
68%
17 363 Eswatini
67%
21 937 Israel
67%
23 200 Djibouti
66%
11 295 Gambia
66%
10 452 Lebanon
66%
25 713 North Macedonia
65%
26 338 Rwanda
63%
20 273 Slovenia
51%
No matching quizzes found
Score Distribution
Percent of People with Each Score
Percentile by Number Answered
Your Score History
You have not taken this quiz